[Event "Pontevedra op-A 10th"]
[Site "Pontevedra"]
[Date "2022.07.27"]
[Round "6"]
[White "Deleyn, Gunter"]
[Black "Cabanas Rodriguez, Roi"]
[Result "0-1"]
[WhiteElo "2181"]
[BlackElo "1945"]
[PlyCount "96"]
[EventDate "2022.07.24"]
[EventType "swiss"]
[EventRounds "9"]
[EventCountry "ESP"]
[SourceTitle "EXT 2023"]
[Source "ChessBase"]
[SourceDate "2022.10.05"]
[SourceVersion "1"]
[SourceVersionDate "2022.10.05"]
[SourceQuality "1"]

1. c4 c5 2. g3 g6 3. Bg2 Bg7 4. Nc3 Nc6 5. a3 e5 6. Rb1 a5 7. d3 Nge7 8. h4 h6 9. Nd5 d6 10. e3 Rb8 11. Ne2 Bg4 12. f3 Be6 13. e4 0-0 14. h5 g5 15. g4 b5 16. Be3 bxc4 17. dxc4 Nd4 18. Nxd4 exd4 19. Bd2 Bxd5 20. exd5 Be5 21. 0-0 Nc8 22. b3 Re8 23. Re1 Ra8 24. Kf2 Nb6 25. a4 Qf6 26. Re4 Nd7 27. Qe1 Qd8 28. Kf1 f5 29. gxf5 Nf6 30. Bh3 Nxh5 31. Kg1 Nf6 32. Re2 d3 33. Re4 Nxe4 34. fxe4 Bd4+ 35. Kh1 Qe7 36. Bg2 Qe5 37. Be3 Bxe3 38. Qxe3 Qxf5 39. Qxd3 Qg6 40. Re1 Rf8 41. Qg3 Rf4 42. e5 dxe5 43. Rxe5 Re8 44. Qe1 Rxe5 45. Qxe5 Qh5+ 46. Kg1 Qd1+ 47. Kh2 Rh4+ 48. Kg3 Qg4+ 0-1

[Event "Pontevedra op-A 10th"]
[Site "Pontevedra"]
[Date "2022.07.26"]
[Round "4"]
[White "Deleyn, Gunter"]
[Black "Alvarez Pampillon, Antonio"]
[Result "1/2-1/2"]
[WhiteElo "2181"]
[BlackElo "2019"]
[PlyCount "72"]
[EventDate "2022.07.24"]
[EventType "swiss"]
[EventRounds "9"]
[EventCountry "ESP"]
[SourceTitle "EXT 2023"]
[Source "ChessBase"]
[SourceDate "2022.10.05"]
[SourceVersion "1"]
[SourceVersionDate "2022.10.05"]
[SourceQuality "1"]

1. c4 c5 2. g3 Nc6 3. Bg2 g6 4. Nc3 Bg7 5. e4 Nf6 6. Nge2 0-0 7. 0-0 Ne8 8. a3 Nc7 9. Rb1 a5 10. d3 Ne6 11. Nb5 Rb8 12. Bd2 d6 13. Bc3 Ned4 14. Nexd4 Nxd4 15. b4 Nxb5 16. Bxg7 Nxa3 17. Bxf8 Kxf8 18. Rb3 cxb4 19. Qd2 b5 20. cxb5 Be6 21. Qb2 Kg8 22. Rxa3 bxa3 23. Qxa3 Rxb5 24. d4 Qb6 25. d5 Bd7 26. e5 Rb3 27. Qa1 Rb2 28. e6 fxe6 29. Bh3 a4 30. Qe1 a3 31. Bxe6+ Bxe6 32. Qxe6+ Kf8 33. Qc8+ Kg7 34. Qc3+ Kf7 35. Qf3+ Ke8 36. Qxa3 Rb1 1/2-1/2

[Event "BEL-chT 2122"]
[Site "Belgium"]
[Date "2021.10.24"]
[Round "1.3"]
[White "Deleyn, Gunter"]
[Black "Baselmans, Luuk"]
[Result "1/2-1/2"]
[WhiteElo "2195"]
[BlackElo "2248"]
[PlyCount "90"]
[EventDate "2021.10.24"]
[EventType "team-tourn"]
[EventRounds "11"]
[EventCountry "BEL"]
[SourceTitle "EXT 2023"]
[Source "ChessBase"]
[SourceDate "2022.10.05"]
[SourceVersion "1"]
[SourceVersionDate "2022.10.05"]
[SourceQuality "1"]
[WhiteTeam "KGSRL"]
[BlackTeam "Brasschaat"]
[WhiteTeamCountry "BEL"]
[BlackTeamCountry "BEL"]

1. c4 e5 2. g3 Nc6 3. Bg2 f5 4. Nc3 Nf6 5. e3 Be7 6. Nge2 d6 7. 0-0 0-0 8. d3 Qe8 9. f4 Kh8 10. Nd5 Bd8 11. Nec3 Rb8 12. b4 Nxd5 13. Nxd5 Bd7 14. Qd2 a6 15. Bb2 b5 16. cxb5 Rxb5 17. Rac1 exf4 18. gxf4 Qf7 19. Nxc7 Bxc7 20. Bxc6 Bxc6 21. Rxc6 Bb6 22. Rxd6 Qe7 23. Be5 Bc7 24. a4 Bxd6 25. axb5 axb5 26. Bxd6 Qxd6 27. Rc1 h6 28. Qc3 Rf6 29. Kf2 Qd5 30. Rg1 Qa2+ 31. Kf1 Qb1+ 32. Kf2 Qa2+ 33. Kf1 Kh7 34. Rg2 Qd5 35. Kf2 Qa2+ 36. Kf1 Qb1+ 37. Kf2 Rf7 38. h4 Qh1 39. Qe5 Qxh4+ 40. Rg3 Qh2+ 41. Rg2 Qh4+ 42. Rg3 Rf6 43. Qe7 Qh2+ 44. Rg2 Qh4+ 45. Rg3 Qh2+ 1/2-1/2

[Event "Mittelrhein Regionalliga 18/19"]
[Site "Nordrheinwestfalen"]
[Date "2019.01.20"]
[Round "6.6"]
[White "Deleyn, Gunter"]
[Black "Rache, Ralf"]
[Result "1/2-1/2"]
[WhiteElo "2217"]
[BlackElo "1783"]
[PlyCount "79"]
[EventDate "2018.10.28"]
[EventType "team-tourn"]
[EventRounds "11"]
[EventCountry "GER"]
[SourceTitle "EXT 2022"]
[Source "ChessBase"]
[SourceDate "2021.10.06"]
[SourceVersion "1"]
[SourceVersionDate "2021.10.06"]
[SourceQuality "1"]
[WhiteTeam "Alsdorf SVG"]
[BlackTeam "Aachen SV II"]
[WhiteTeamCountry "GER"]
[BlackTeamCountry "GER"]

1. c4 Nf6 2. g3 g6 3. Bg2 Bg7 4. Nc3 0-0 5. e3 e5 6. Nge2 Nc6 7. 0-0 d6 8. h3 Be6 9. Nd5 Ne7 10. Nxf6+ Bxf6 11. Qc2 c6 12. e4 d5 13. d3 dxc4 14. dxc4 Qc7 15. f4 Rad8 16. Be3 exf4 17. gxf4 b6 18. f5 Bc8 19. Bh6 Qe5 20. Bxf8 Rxf8 21. Rad1 gxf5 22. Qd3 Kh8 23. Qd6 Qxd6 24. Rxd6 Bxb2 25. Rd2 Be5 26. Nf4 fxe4 27. Bxe4 f5 28. Bg2 Ng6 29. Nxg6+ hxg6 30. Bxc6 Kg7 31. Rd5 Kf6 32. Re1 Bf4 33. Re8 Rxe8 34. Bxe8 Be6 35. Rd1 Bxc4 36. a4 Be3+ 37. Kg2 g5 38. Bb5 Be6 39. Bd7 Bc4 40. Bb5 1/2-1/2

[Event "BEL-chT 1819"]
[Site "Belgium"]
[Date "2018.12.02"]
[Round "5.7"]
[White "Coenen, Norbert"]
[Black "Deleyn, Gunter"]
[Result "1/2-1/2"]
[WhiteElo "2295"]
[BlackElo "2255"]
[PlyCount "65"]
[EventDate "2018.09.30"]
[EventType "team-tourn"]
[EventRounds "11"]
[EventCountry "BEL"]
[SourceTitle "CBM 187 Extra"]
[Source "ChessBase"]
[SourceDate "2018.11.04"]
[SourceVersion "1"]
[SourceVersionDate "2018.11.04"]
[SourceQuality "1"]
[WhiteTeam "KSK Rochade"]
[BlackTeam "KGSRL"]
[WhiteTeamCountry "BEL"]
[BlackTeamCountry "BEL"]

1. e4 g6 2. d4 Bg7 3. Nc3 d6 4. Be3 a6 5. a4 Nf6 6. h3 0-0 7. Nf3 Nc6 8. Be2 a5 9. 0-0 e5 10. dxe5 dxe5 11. Qxd8 Rxd8 12. Rfd1 Be6 13. Nb5 Rxd1+ 14. Rxd1 Rc8 15. Ng5 Bd7 16. Bc4 Nd8 17. Nc3 h6 18. Nf3 Nc6 19. Nd5 Nxd5 20. Bxd5 Be8 21. c3 Kh7 22. Bb3 Rd8 23. Rxd8 Nxd8 24. Nd2 Bf8 25. Nc4 Nc6 26. Kf1 Kg7 27. Ke2 f5 28. exf5 gxf5 29. Nxe5 Nxe5 30. Bd4 Bd6 31. f4 Kf6 32. Ke3 b6 33. g3 1/2-1/2

[Event "Mittelrhein Regionalliga 18/19"]
[Site "Nordrheinwestfalen"]
[Date "2018.09.30"]
[Round "2.6"]
[White "Haskelman, Evgen"]
[Black "Deleyn, Gunter"]
[Result "0-1"]
[WhiteElo "2039"]
[BlackElo "2217"]
[PlyCount "78"]
[EventDate "2018.10.28"]
[EventType "team-tourn"]
[EventRounds "11"]
[EventCountry "GER"]
[SourceTitle "EXT 2022"]
[Source "ChessBase"]
[SourceDate "2021.10.06"]
[SourceVersion "1"]
[SourceVersionDate "2021.10.06"]
[SourceQuality "1"]
[WhiteTeam "Bruehl"]
[BlackTeam "Alsdorf SVG"]
[WhiteTeamCountry "GER"]
[BlackTeamCountry "GER"]

1. e4 g6 2. g3 Bg7 3. Bg2 c5 4. Nc3 Nc6 5. d3 e6 6. Be3 d6 7. Qd2 Rb8 8. Nge2 Nd4 9. 0-0 b5 10. a3 h6 11. Nc1 Ne7 12. Nd1 a5 13. c3 a4 14. f4 Ndc6 15. f5 exf5 16. exf5 Bxf5 17. Nf2 Be6 18. Ne2 Ne5 19. Nf4 Bb3 20. h3 Nf5 21. Nd5 Nxg3 22. Rfe1 Kf8 23. Ng4 Nf5 24. Bf4 h5 25. Bg5 Qc8 26. Ngf6 Bxd5 27. Bxd5 Ne7 28. d4 Bxf6 29. Bxf6 Nxd5 30. dxe5 Nxf6 31. Qxd6+ Kg8 32. exf6 Kh7 33. Re7 Rf8 34. Kh2 Qf5 35. Rae1 Rbd8 36. Rxf7+ Rxf7 37. Qxd8 Qf2+ 38. Kh1 Qxe1+ 39. Kg2 Qe5 0-1

[Event "EU-chT Seniors 50"]
[Site "Walbrzych"]
[Date "2018.04.14"]
[Round "1.2"]
[White "Giulian Jackson, Rosemary"]
[Black "Deleyn, Gunter"]
[Result "0-1"]
[WhiteElo "1880"]
[BlackElo "2200"]
[PlyCount "62"]
[EventDate "2018.04.14"]
[EventType "team-swiss"]
[EventRounds "9"]
[EventCountry "POL"]
[SourceTitle "CBM 184 Extra"]
[Source "ChessBase"]
[SourceDate "2018.06.28"]
[SourceVersion "1"]
[SourceVersionDate "2018.06.28"]
[SourceQuality "1"]
[WhiteTeam "Scotland 50"]
[BlackTeam "Belgium VSF 50"]
[WhiteTeamCountry "SCO"]
[BlackTeamCountry "BEL"]

1. e4 g6 2. d4 Bg7 3. Nc3 d6 4. Be3 a6 5. Qd2 b5 6. f3 c6 7. 0-0-0 Qc7 8. h4 h5 9. g3 Nd7 10. Bh3 Ngf6 11. Kb1 Nb6 12. b3 b4 13. Nce2 a5 14. Bxc8 Rxc8 15. Nh3 c5 16. dxc5 dxc5 17. Nef4 0-0 18. Qe2 Nxe4 19. fxe4 Qe5 20. Bd4 cxd4 21. Rd3 Rc6 22. Ng5 Rfc8 23. Nf3 Qc7 24. Rc1 e5 25. Nd5 Nxd5 26. exd5 Rc5 27. Ng5 Rxd5 28. g4 hxg4 29. Qxg4 f5 30. Qg2 Rd6 31. Rf1 e4 0-1

[Event "Barcelona Sant Marti op-A 14th"]
[Site "Barcelona"]
[Date "2012.07.21"]
[Round "9"]
[White "Mestre Bellido, Hector"]
[Black "Deleyn, Gunter"]
[Result "1-0"]
[WhiteElo "2339"]
[BlackElo "2197"]
[PlyCount "61"]
[EventDate "2012.07.13"]
[EventType "swiss"]
[EventRounds "9"]
[EventCountry "ESP"]
[SourceTitle "CBM 149 Extra"]
[Source "ChessBase"]
[SourceDate "2012.08.24"]
[SourceVersion "1"]
[SourceVersionDate "2012.08.24"]
[SourceQuality "1"]

1. e4 g6 2. d4 Bg7 3. Nc3 d6 4. Be3 a6 5. a4 Nf6 6. Bc4 Nc6 7. f3 0-0 8. Nge2 e5 9. Qd2 exd4 10. Nxd4 Ne5 11. Be2 Re8 12. Bg5 c6 13. 0-0 Qb6 14. Kh1 Qb4 15. a5 b5 16. Rfd1 Nc4 17. Nxc6 Qc5 18. Bxc4 bxc4 19. Bxf6 Bxf6 20. Qxd6 Qxd6 21. Rxd6 Bg7 22. Rad1 Be6 23. Na4 Rac8 24. Nd4 Bf8 25. Rxa6 Ra8 26. Rxa8 Rxa8 27. Nxe6 fxe6 28. Nb6 Rxa5 29. Nxc4 Ra4 30. Ne5 Ra2 31. Nd3 1-0

[Event "Barcelona Sant Marti op-A 14th"]
[Site "Barcelona"]
[Date "2012.07.17"]
[Round "5"]
[White "Garcia Castellote, Oscar"]
[Black "Deleyn, Gunter"]
[Result "0-1"]
[WhiteElo "2088"]
[BlackElo "2197"]
[PlyCount "98"]
[EventDate "2012.07.13"]
[EventType "swiss"]
[EventRounds "9"]
[EventCountry "ESP"]
[SourceTitle "CBM 149 Extra"]
[Source "ChessBase"]
[SourceDate "2012.08.24"]
[SourceVersion "1"]
[SourceVersionDate "2012.08.24"]
[SourceQuality "1"]

1. e4 g6 2. d3 Bg7 3. g3 c5 4. Bg2 Nc6 5. f4 e6 6. Nf3 Nge7 7. 0-0 0-0 8. c3 d6 9. Be3 Rb8 10. d4 cxd4 11. cxd4 b5 12. Bf2 a5 13. Nbd2 Bb7 14. e5 Nb4 15. Qe2 Bd5 16. a3 Nbc6 17. Rfd1 a4 18. Ne4 Bxe4 19. Qxe4 d5 20. Qe2 Qb6 21. Be1 Rfc8 22. Bc3 Na5 23. Bxa5 Qxa5 24. Rac1 Bf8 25. Bf1 b4 26. axb4 Qxb4 27. Ra1 Rc4 28. Qd2 Qxd2 29. Rxd2 Rcb4 30. Rc2 Nf5 31. Rd2 Nxd4 32. Nxd4 Bc5 33. Rad1 Rxd4 34. Rxd4 Rb4 35. Kh1 Bxd4 36. Bb5 Bxb2 37. Bd3 Rd4 38. Bc2 Rxd1+ 39. Bxd1 a3 40. Bb3 g5 41. Kg2 gxf4 42. gxf4 Kg7 43. Kf3 f5 44. Ba2 Bc1 45. Bb3 Kf7 46. Ba2 d4 47. h3 h6 48. Bc4 d3 49. Bb3 Bxf4 0-1

[Event "Fajr op 20th"]
[Site "Tabriz"]
[Date "2012.01.13"]
[Round "3"]
[White "Deleyn, Gunter"]
[Black "Golizadeh, Asghar"]
[Result "0-1"]
[WhiteElo "2250"]
[BlackElo "2464"]
[PlyCount "86"]
[EventDate "2012.01.12"]
[EventType "swiss"]
[EventRounds "11"]
[EventCountry "IRI"]
[SourceTitle "CBM 146 Extra"]
[Source "ChessBase"]
[SourceDate "2012.02.29"]
[SourceVersion "1"]
[SourceVersionDate "2012.02.29"]
[SourceQuality "1"]

1. g3 Nf6 2. Bg2 g6 3. c4 Bg7 4. Nc3 0-0 5. e3 c6 6. Nge2 d5 7. cxd5 cxd5 8. Qb3 e6 9. 0-0 Nc6 10. d4 b6 11. Bd2 Ba6 12. Rfc1 Qd7 13. Be1 Rfc8 14. Qd1 Rc7 15. Nf4 Rac8 16. Nd3 Bxd3 17. Qxd3 Na5 18. Bd2 Nc4 19. b3 Nxd2 20. Qxd2 Bf8 21. Qb2 Ba3 22. Qxa3 Rxc3 23. Rxc3 Rxc3 24. Rc1 Rc7 25. Bf3 g5 26. h3 Kg7 27. Qb2 Qc8 28. Rxc7 Qxc7 29. Be2 Ne4 30. Kf1 Nxg3+ 31. fxg3 Qxg3 32. Qc3 h5 33. Bb5 Qxh3+ 34. Ke2 Qg2+ 35. Kd1 Qxa2 36. Be2 h4 37. Qc7 Qxb3+ 38. Kd2 Qb2+ 39. Kd1 Qb1+ 40. Kd2 Qf5 41. Qxa7 g4 42. Qa1 Qf2 43. Qh1 h3 0-1

[Event "Figueres op 12th"]
[Site "Figueres"]
[Date "2011.08.18"]
[Round "9"]
[White "Alvarez Pedraza, Aramis"]
[Black "Deleyn, Gunter"]
[Result "1-0"]
[WhiteElo "2551"]
[BlackElo "2222"]
[PlyCount "71"]
[EventDate "2011.08.11"]
[EventType "swiss"]
[EventRounds "9"]
[EventCountry "ESP"]
[SourceTitle "CBM 143 Extra"]
[Source "ChessBase"]
[SourceDate "2011.08.29"]
[SourceVersion "1"]
[SourceVersionDate "2011.08.29"]
[SourceQuality "1"]

1. d4 Nf6 2. c4 e6 3. Nf3 Bb4+ 4. Nbd2 b6 5. g3 Bb7 6. Bg2 0-0 7. 0-0 d5 8. cxd5 exd5 9. Ne5 Nc6 10. Ndf3 Ne7 11. Bf4 Bd6 12. Rc1 c5 13. Qa4 Ne4 14. Rfd1 c4 15. Nd2 Nxd2 16. Bxd2 a6 17. Bb4 b5 18. Qa3 Bxb4 19. Qxb4 Nf5 20. Nxc4 dxc4 21. Bxb7 Rb8 22. Qc5 Nxg3 23. Bf3 Rc8 24. Qe5 Nxe2+ 25. Qxe2 Qg5+ 26. Bg2 Rfe8 27. Qf3 Re6 28. d5 Rg6 29. Re1 h6 30. Rcd1 Rd8 31. Rd4 Rdd6 32. h4 Qd8 33. h5 Rg5 34. Rde4 Qb6 35. Re8+ Kh7 36. Qxf7 1-0

[Event "Figueres op 12th"]
[Site "Figueres"]
[Date "2011.08.14"]
[Round "4"]
[White "Oms Pallisse, Josep"]
[Black "Deleyn, Gunter"]
[Result "1/2-1/2"]
[WhiteElo "2489"]
[BlackElo "2222"]
[PlyCount "100"]
[EventDate "2011.08.11"]
[EventType "swiss"]
[EventRounds "9"]
[EventCountry "ESP"]
[SourceTitle "CBM 143 Extra"]
[Source "ChessBase"]
[SourceDate "2011.08.29"]
[SourceVersion "1"]
[SourceVersionDate "2011.08.29"]
[SourceQuality "1"]

1. d4 Nf6 2. c4 e6 3. Nf3 Bb4+ 4. Nbd2 b6 5. a3 Bxd2+ 6. Qxd2 Bb7 7. e3 0-0 8. Be2 a5 9. b3 d6 10. 0-0 Nbd7 11. Bb2 Ne4 12. Qc2 f5 13. d5 e5 14. Nd2 Nxd2 15. Qxd2 Qh4 16. f3 Rf6 17. Bd3 g5 18. f4 Raf8 19. b4 Rh6 20. g3 Qg4 21. Rf2 gxf4 22. exf4 Rg6 23. Raf1 Bc8 24. Qc2 e4 25. Be2 Qh4 26. Qc3 axb4 27. axb4 Qf6 28. Qd2 Qe7 29. Qe3 Nf6 30. Ra1 b5 31. cxb5 Bb7 32. Rd1 Ra8 33. b6 cxb6 34. Qxb6 Rc8 35. Ba6 Ng4 36. Re2 Bxa6 37. Qxa6 Rb8 38. Qc6 h5 39. h4 Qa7+ 40. Bd4 Qa3 41. Bc3 Qa7+ 42. Bd4 Qa3 43. Qc3 Qxb4 44. Qxb4 Rxb4 45. Ra2 Rb3 46. Ra8+ Kf7 47. Ra7+ Kg8 48. Ra8+ Kf7 49. Ra7+ Kg8 50. Ra8+ Kf7 1/2-1/2

[Event "BEL-chT 1011"]
[Site "Belgium"]
[Date "2011.03.27"]
[Round "11.6"]
[White "Deleyn, Gunter"]
[Black "Gohla, Ulf"]
[Result "1/2-1/2"]
[WhiteElo "2321"]
[BlackElo "2195"]
[PlyCount "51"]
[EventDate "2010.09.26"]
[EventType "team-tourn"]
[EventRounds "11"]
[EventCountry "BEL"]
[SourceTitle "EXT 2012"]
[Source "ChessBase"]
[SourceDate "2011.11.24"]
[SourceVersion "1"]
[SourceVersionDate "2011.11.24"]
[SourceQuality "1"]
[WhiteTeam "KGSRL"]
[BlackTeam "Eynatten II"]
[WhiteTeamCountry "BEL"]
[BlackTeamCountry "BEL"]

1. g3 d5 2. Bg2 c6 3. d3 Nf6 4. c3 e5 5. Nd2 Nbd7 6. Qc2 Bd6 7. Ngf3 0-0 8. 0-0 Re8 9. e4 Qc7 10. Re1 Nf8 11. Nf1 dxe4 12. dxe4 Bg4 13. Ne3 Bxf3 14. Bxf3 g6 15. Nc4 Be7 16. Be3 Ne6 17. Rad1 b5 18. Nd2 c5 19. Nb3 Rad8 20. Qe2 c4 21. Nc1 Nc5 22. Bg5 a6 23. Bg2 Ne6 24. Be3 Nc5 25. Bg5 Ne6 26. Be3 1/2-1/2

[Event "BEL-chT 1011"]
[Site "Belgium"]
[Date "2010.12.05"]
[Round "5.7"]
[White "Werner, Ivan"]
[Black "Deleyn, Gunter"]
[Result "1/2-1/2"]
[WhiteElo "2098"]
[BlackElo "2321"]
[PlyCount "84"]
[EventDate "2010.09.26"]
[EventType "team-tourn"]
[EventRounds "11"]
[EventCountry "BEL"]
[SourceTitle "EXT 2012"]
[Source "ChessBase"]
[SourceDate "2011.11.24"]
[SourceVersion "1"]
[SourceVersionDate "2011.11.24"]
[SourceQuality "1"]
[WhiteTeam "Namur"]
[BlackTeam "KGSRL"]
[WhiteTeamCountry "BEL"]
[BlackTeamCountry "BEL"]

1. e4 g6 2. d4 Bg7 3. Be3 d6 4. f4 c5 5. c3 cxd4 6. cxd4 Nf6 7. Nc3 0-0 8. Be2 Qa5 9. Bf3 e5 10. Nge2 Ng4 11. Bg1 Nc6 12. d5 Ne7 13. h3 Nf6 14. fxe5 dxe5 15. Be3 Bd7 16. 0-0 Nc8 17. Nc1 Nd6 18. Nb3 Qd8 19. Nd2 Nfe8 20. g4 f5 21. gxf5 gxf5 22. Kh2 Nf6 23. Bg5 h6 24. Bh4 Ng4+ 25. Bxg4 Qxh4 26. exf5 Bxf5 27. Qe1 Qxe1 28. Raxe1 Bd3 29. Rxf8+ Rxf8 30. Nde4 Nxe4 31. Nxe4 Bxe4 32. Be6+ Kh7 33. Rxe4 Rf2+ 34. Kg1 Rxb2 35. d6 Rd2 36. d7 Bf6 37. Rg4 Bd8 38. Bf5+ Kh8 39. Rg6 h5 40. Kf1 b5 41. Be6 Bb6 42. Rg5 Rd6 1/2-1/2

[Event "BEL-chT 1011"]
[Site "Belgium"]
[Date "2010.11.07"]
[Round "3.7"]
[White "Godart, Francois"]
[Black "Deleyn, Gunter"]
[Result "1-0"]
[WhiteElo "2240"]
[BlackElo "2321"]
[PlyCount "35"]
[EventDate "2010.09.26"]
[EventType "team-tourn"]
[EventRounds "11"]
[EventCountry "BEL"]
[SourceTitle "EXT 2012"]
[Source "ChessBase"]
[SourceDate "2011.11.24"]
[SourceVersion "1"]
[SourceVersionDate "2011.11.24"]
[SourceQuality "1"]
[WhiteTeam "Charleroi CREC"]
[BlackTeam "KGSRL"]
[WhiteTeamCountry "BEL"]
[BlackTeamCountry "BEL"]

1. d4 Nf6 2. c4 e6 3. Nf3 Bb4+ 4. Nbd2 d5 5. Qa4+ Nc6 6. e3 0-0 7. a3 Be7 8. Bd3 Re8 9. 0-0 Bf8 10. b4 Bd7 11. Qc2 g6 12. Bb2 a6 13. Rac1 Rc8 14. Rfd1 Bg7 15. Nb3 Rb8 16. Nc5 dxc4 17. Bxc4 Na7 18. d5 1-0

[Event "EU-Cup 26th"]
[Site "Plovdiv"]
[Date "2010.10.21"]
[Round "5.5"]
[White "Koch, Dirk"]
[Black "Deleyn, Gunter"]
[Result "1/2-1/2"]
[WhiteElo "2057"]
[BlackElo "2250"]
[PlyCount "45"]
[EventDate "2010.10.17"]
[EventType "team-swiss"]
[EventRounds "7"]
[EventCountry "BUL"]
[SourceTitle "CBM 139"]
[Source "ChessBase"]
[SourceDate "2010.11.18"]
[SourceVersion "1"]
[SourceVersionDate "2010.11.18"]
[SourceQuality "1"]
[WhiteTeam "Dudelange"]
[BlackTeam "Gent"]
[WhiteTeamCountry "LUX"]
[BlackTeamCountry "BEL"]

1. e4 g6 2. d4 Bg7 3. Nc3 d6 4. f4 a6 5. a4 b6 6. Nf3 Nf6 7. Bc4 0-0 8. 0-0 e6 9. e5 Ne8 10. a5 b5 11. Ba2 Bb7 12. d5 b4 13. dxe6 bxc3 14. exf7+ Rxf7 15. Bxf7+ Kxf7 16. Ng5+ Kg8 17. Qd3 Nd7 18. Qc4+ d5 19. Qxc3 Qe7 20. Qh3 Nf8 21. Qc3 h6 22. Nf3 c5 23. b3 1/2-1/2

[Event "EU-Cup 26th"]
[Site "Plovdiv"]
[Date "2010.10.19"]
[Round "3.5"]
[White "Fish, Gennadij"]
[Black "Deleyn, Gunter"]
[Result "1-0"]
[WhiteElo "2502"]
[BlackElo "2250"]
[PlyCount "73"]
[EventDate "2010.10.17"]
[EventType "team-swiss"]
[EventRounds "7"]
[EventCountry "BUL"]
[SourceTitle "CBM 139"]
[Source "ChessBase"]
[SourceDate "2010.11.18"]
[SourceVersion "1"]
[SourceVersionDate "2010.11.18"]
[SourceQuality "1"]
[WhiteTeam "Werder Bremen"]
[BlackTeam "Gent"]
[WhiteTeamCountry "GER"]
[BlackTeamCountry "BEL"]

1. d4 Nf6 2. c4 e6 3. Nc3 Bb4 4. Nf3 0-0 5. e3 d6 6. Bd3 Qe7 7. Qb3 c5 8. a3 Ba5 9. Bd2 b6 10. Qc2 Nbd7 11. 0-0 Bb7 12. e4 cxd4 13. Nxd4 Bxc3 14. Bxc3 Ne5 15. Rfe1 Rac8 16. b3 Nxd3 17. Qxd3 a6 18. a4 Nh5 19. g3 Qg5 20. Qe3 Qxe3 21. Rxe3 Nf6 22. f3 Rfd8 23. Bb4 Rd7 24. Rd1 g6 25. g4 h6 26. h3 d5 27. cxd5 exd5 28. e5 Re8 29. Rde1 Nh7 30. e6 fxe6 31. Rxe6 Rxe6 32. Rxe6 Kf7 33. Rxb6 Nf6 34. Kg2 Rc7 35. Bd6 Rd7 36. Be5 Ne8 37. Kg3 1-0

[Event "EU-Cup 26th"]
[Site "Plovdiv"]
[Date "2010.10.18"]
[Round "2.5"]
[White "Laakso, Harri"]
[Black "Deleyn, Gunter"]
[Result "1/2-1/2"]
[WhiteElo "2202"]
[BlackElo "2250"]
[PlyCount "141"]
[EventDate "2010.10.17"]
[EventType "team-swiss"]
[EventRounds "7"]
[EventCountry "BUL"]
[SourceTitle "CBM 139"]
[Source "ChessBase"]
[SourceDate "2010.11.18"]
[SourceVersion "1"]
[SourceVersionDate "2010.11.18"]
[SourceQuality "1"]
[WhiteTeam "Etela Vantaan"]
[BlackTeam "Gent"]
[WhiteTeamCountry "FIN"]
[BlackTeamCountry "BEL"]

1. e4 g6 2. d4 Bg7 3. c3 d6 4. f4 Nf6 5. Bd3 0-0 6. Nf3 c5 7. 0-0 cxd4 8. cxd4 e5 9. dxe5 dxe5 10. Nxe5 Qd4+ 11. Kh1 Nxe4 12. Bxe4 Qxe4 13. Nc3 Qb4 14. a3 Qe7 15. Qf3 Nc6 16. Nd5 Qd8 17. Be3 Be6 18. Rad1 Nxe5 19. fxe5 Bxe5 20. Bc5 Qh4 21. g3 Qc4 22. Bxf8 Kxf8 23. b3 Qc6 24. Rfe1 Bxd5 25. Qxd5 Bb2 26. Qxc6 bxc6 27. Rd7 Bxa3 28. Ra1 Bc5 29. Rc1 Bb6 30. Rxc6 Kg7 31. Rc3 g5 32. Rf3 Rf8 33. g4 Kg6 34. h3 f6 35. Rd6 Rf7 36. Rfd3 h5 37. Rd7 Rf8 38. Re7 Bc5 39. Rc7 Bb6 40. Rb7 hxg4 41. hxg4 f5 42. Rd6+ Rf6 43. gxf5+ Kxf5 44. Rxf6+ Kxf6 45. Kg2 Ke6 46. Rg7 Kd5 47. Rxg5+ Kd4 48. Rg3 Kc5 49. Rg4 Kb5 50. Kf3 a5 51. Ke2 Bc5 52. Kd3 Bf2 53. Re4 Bc5 54. Re8 Kb4 55. Rb8+ Ka3 56. Kc4 Bb4 57. Rg8 Kb2 58. Rg3 Be1 59. Rh3 Bb4 60. Kb5 Ka3 61. Rf3 Kb2 62. Ka4 Bc3 63. Rf2+ Kb1 64. Rg2 Bb4 65. Rg4 Bc3 66. Rc4 Kb2 67. Rc5 Bb4 68. Rg5 Kc2 69. Rg4 Bc3 70. Rg2+ Kb1 71. Rg5 1/2-1/2

[Event "NED-chT 0910"]
[Site "Netherlands"]
[Date "2010.04.18"]
[Round "9.8"]
[White "Deleyn, Gunter"]
[Black "Westermann, Natalia"]
[Result "1/2-1/2"]
[WhiteElo "2280"]
[BlackElo "1880"]
[PlyCount "110"]
[EventDate "2009.09.26"]
[EventType "team"]
[EventRounds "9"]
[EventCountry "NED"]
[SourceTitle "EXT 2011"]
[Source "ChessBase"]
[SourceDate "2010.11.26"]
[SourceVersion "1"]
[SourceVersionDate "2010.11.26"]
[SourceQuality "1"]
[WhiteTeam "Sas van Gent"]
[BlackTeam "Groningen Hotels"]
[WhiteTeamCountry "NED"]
[BlackTeamCountry "NED"]

1. c4 e5 2. g3 f5 3. Bg2 Nf6 4. Nc3 d6 5. e3 g6 6. Nge2 Bg7 7. 0-0 Nbd7 8. d4 c6 9. b3 0-0 10. Ba3 Ne8 11. dxe5 Nxe5 12. Qd2 Qa5 13. Bb2 Be6 14. Rad1 Rd8 15. f4 Ng4 16. Nd4 Nc7 17. e4 fxe4 18. Bxe4 Nf6 19. Nxe6 Nxe6 20. Bf3 Nc5 21. Rfe1 Rfe8 22. Kg2 Rxe1 23. Rxe1 d5 24. cxd5 Nxd5 25. Bxd5+ cxd5 26. Ba1 d4 27. Ne4 Qxd2+ 28. Nxd2 Bf6 29. Kf3 Kf7 30. Rc1 Ne6 31. Ne4 Be7 32. Rd1 Rc8 33. Rd2 Bb4 34. Rd3 Rc2 35. Bxd4 Rxa2 36. Be5 Nf8 37. h4 b6 38. Ng5+ Kg8 39. Ke4 h6 40. Nf3 Re2+ 41. Kd5 Nd7 42. Kc6 Nc5 43. Rd8+ Kf7 44. Ra8 Nxb3 45. Rxa7+ Ke6 46. Rg7 Kf5 47. h5 gxh5 48. Nh4+ Ke4 49. Kxb6 Nd4 50. Bxd4 Kxd4 51. Rg6 Re8 52. Rxh6 Ke4 53. Rxh5 Be1 54. Nf5 Rg8 55. Nd6+ Kf3 1/2-1/2

[Event "BEL-chT 0910"]
[Site "Belgium"]
[Date "2010.01.10"]
[Round "6"]
[White "Deschepper, Jeroen"]
[Black "Deleyn, Gunter"]
[Result "0-1"]
[WhiteElo "2054"]
[BlackElo "2280"]
[PlyCount "64"]
[EventDate "2009.09.27"]
[EventType "team-tourn"]
[EventRounds "11"]
[EventCountry "BEL"]
[SourceTitle "EXT 2011"]
[Source "ChessBase"]
[SourceDate "2010.11.26"]
[SourceVersion "1"]
[SourceVersionDate "2010.11.26"]
[SourceQuality "1"]
[WhiteTeam "Aalter"]
[BlackTeam "KGSRL"]
[WhiteTeamCountry "BEL"]
[BlackTeamCountry "BEL"]

1. d4 Nf6 2. c4 e6 3. g3 Bb4+ 4. Bd2 Qe7 5. Nf3 Ne4 6. Bg2 Nxd2 7. Nbxd2 0-0 8. 0-0 d5 9. Qc2 Nc6 10. a3 Bxd2 11. Qxd2 Rd8 12. Rac1 a5 13. Ne5 Nxe5 14. dxe5 b6 15. f4 Bb7 16. cxd5 Bxd5 17. Bxd5 Rxd5 18. Qc3 c5 19. e4 Rd4 20. Qe3 Qb7 21. Rce1 Qc7 22. Qf3 Rad8 23. Qg4 c4 24. f5 Qxe5 25. f6 g6 26. Qh4 h5 27. Re2 Rd2 28. Ref2 Rxf2 29. Rxf2 Rd1+ 30. Kg2 Re1 31. Kf3 g5 32. Qxh5 Qxe4# 0-1